000 00783nam a2200169Ia 4500
008 090711s9999 xx 000 0 und d
082 _b867
100 _aगाला धीरेन
245 _aअॅक्युप्रेशर स्वत:Sा स्वत:Sो डॉक्टर बनण्यासाठी
260 _bनवनीत प्रकाशन
_c2000
300 _a135
600 _aगाला धीरेन
630 _aअॅक्युप्रेशर स्वत:Sा स्वत:Sो डॉक्टर बनण्यासाठी
700 _aगाला धीरेन
730 _aअॅक्युप्रेशर स्वत:Sा स्वत:Sो डॉक्टर बनण्यासाठी
942 _cBOOK
999 _c337874
_d337874